| 000 | 00626nam a2200229Ia 4500 | ||
|---|---|---|---|
| 003 | OSt | ||
| 005 | 20220918230044.0 | ||
| 006 | a|||||r|||| 00| 0 | ||
| 007 | ta | ||
| 008 | 220917b |||||||| |||| 00| 0 eng d | ||
| 024 | _a247,954 | ||
| 037 | _cTextual | ||
| 040 |
_aARTS _cARTS _beng |
||
| 041 |
_2eng _aeng |
||
| 082 | _aX9(J).1-1.N, K9 | ||
| 100 |
_aJones E L Ed. _9122122 |
||
| 245 | 0 |
_aAgrarian change and economic development _b the Historical problems |
|
| 650 | _aECONOMICS | ||
| 700 | _a Woolf S J | ||
| 942 |
_hX9(J).1-1.N, K9 _cTEXL _2CC |
||
| 999 |
_c286866 _d286866 |
||